MARC details
| 000 -LEADER |
| fixed length control field |
02986cad a22004575a 4500 |
| 001 - CONTROL NUMBER |
| control field |
L141251 |
| 008 - FIXED-LENGTH DATA ELEMENTS--GENERAL INFORMATION |
| fixed length control field |
071108s2007 xxk f f 000 0 eng d |
| 020 ## - INTERNATIONAL STANDARD BOOK NUMBER |
| International Standard Book Number |
9781842193426 |
| 035 ## - SYSTEM CONTROL NUMBER |
| System control number |
(Sirsi) u141251 |
| 041 0# - LANGUAGE CODE |
| Language code of text/sound track or separate title |
eng |
| 050 04 - LIBRARY OF CONGRESS CALL NUMBER |
| Classification number |
333.332 $2 18 |
| 110 2# - MAIN ENTRY--CORPORATE NAME |
| Corporate name or jurisdiction name as entry element |
Royal Institution of Chartered Surveyors |
| 9 (RLIN) |
4900 |
| 240 00 - UNIFORM TITLE |
| Uniform title |
Red Book |
| 245 00 - TITLE STATEMENT |
| Title |
RICS valuation standards |
| 250 ## - EDITION STATEMENT |
| Edition statement |
6th ed. |
| 260 ## - PUBLICATION, DISTRIBUTION, ETC. |
| Place of publication, distribution, etc. |
London |
| Name of publisher, distributor, etc. |
RICS |
| Date of publication, distribution, etc. |
2007 |
| 350 ## - PRICE (NR) (BK AM CF MU VM SE) [OBSOLETE] |
| Price |
150 |
| 490 #0 - SERIES STATEMENT |
| Series statement |
RICS Guidance Note |
| 490 #0 - SERIES STATEMENT |
| Series statement |
RICS Red Book |
| 490 #0 - SERIES STATEMENT |
| Series statement |
RICS Practice Statement |
| 490 #0 - SERIES STATEMENT |
| Series statement |
RICS UK Guidance Note |
| 490 #0 - SERIES STATEMENT |
| Series statement |
RICS Valuation Information Paper |
| 490 #0 - SERIES STATEMENT |
| Series statement |
RICS UK Practice Statement |
| 505 2# - FORMATTED CONTENTS NOTE |
| Formatted contents note |
Introduction: Purpose of these standards -- International Valuation Standards -- Enforcement of these Standards -- How these standards are arranged -- Amendments and exposure drafts -- Effective date |
| 505 2# - FORMATTED CONTENTS NOTE |
| Formatted contents note |
Glossary |
| 505 2# - FORMATTED CONTENTS NOTE |
| Formatted contents note |
Practice statements: PS1 Compliance and ethical requirements -- PS2 Agreement of terms of engagement -- PS3 Basis of value -- PS4 Applications -- PS5 Investigations -- PS6 Valuation Reports |
| 505 2# - FORMATTED CONTENTS NOTE |
| Formatted contents note |
Guidance notes: GN1 Trade and related property valuations -- GN2 Plant and equipment -- GN3 Valuations of portfolios and groups of properties --GN4 Mineral-bearing land and waste management -- GN5 Valuation uncertainty |
| 505 2# - FORMATTED CONTENTS NOTE |
| Formatted contents note |
UK practice statements: UKPS1 Valuations for financial statements -- UKPS2 Valuations for financial statements: specific applications -- UKPS3 Valuations for loan facilities -- UKPS4 Residential property valuations (other than for mortgage purposes) -- UKPS5 Regulated purpose valuations |
| 505 2# - FORMATTED CONTENTS NOTE |
| Formatted contents note |
UK guidance notes: UKGN1 Inspections and material considerations -- UKGN2 Shared ownership of residential property -- UKGN3 Valuations for capital gains tax, inheritance tax and stamp duty land tax -- UKGN4 Valuations for charities -- UKGN5 Local authority disposal of land for less than best consideration |
| 505 2# - FORMATTED CONTENTS NOTE |
| Formatted contents note |
Valuation information papers |
| 505 2# - FORMATTED CONTENTS NOTE |
| Formatted contents note |
Index |
| 520 ## - SUMMARY, ETC. |
| Summary, etc. |
Sets out the procedural rules and guidance for members carrying out most types of valuation instructions and provides a framework for best practice in the execution and delivery of valuations. Compliance with these standards is mandatory for members of RICS. This edition incorporates the new RICS Rules of Conduct which came into effect on 1 June 2007. |
| 520 ## - SUMMARY, ETC. |
| Summary, etc. |
Effective from 1 January 2008. Supersedes the "RICS appraisal and valuation standards" (ISBN 1842191233). |
| 520 ## - SUMMARY, ETC. |
| Summary, etc. |
Updated by the September 2008 Amendment which is included as a supplement |
| 520 ## - SUMMARY, ETC. |
| Summary, etc. |
Superseded by March 2009 reprint (see E146786). |
| 650 24 - SUBJECT ADDED ENTRY--TOPICAL TERM |
| Topical term or geographic name entry element |
RICS VALUATION STANDARDS |
| 651 #4 - SUBJECT ADDED ENTRY--GEOGRAPHIC NAME |
| Geographic name |
International |
| 690 ## - LOCAL SUBJECT ADDED ENTRY--TOPICAL TERM (OCLC, RLIN) |
| Topical term or geographic name as entry element |
PROPERTY-PROPERTY APPRAISAL AND VALUATION |
| 856 ## - ELECTRONIC LOCATION AND ACCESS |
| Uniform Resource Identifier |
<a href="https://www.isurv.com/site/scripts/download_info.php?downloadID=408">https://www.isurv.com/site/scripts/download_info.php?downloadID=408</a> |
| Public note |
Archived on isurv (subscription required) |
| 942 ## - ADDED ENTRY ELEMENTS (KOHA) |
| Suppress in OPAC |
0 |
| Source of classification or shelving scheme |
Dewey Decimal Classification |